| 000 | 00664nam a2200181 a 4500 | ||
|---|---|---|---|
| 001 | 000947521 | ||
| 003 | AM-YeHGA | ||
| 005 | 20250617145846.0 | ||
| 008 | 130221s1909 ||| r 000 0 rus d | ||
| 040 | _aAM-YeHGA | ||
| 041 | 0 | _arus | |
| 100 | 1 | _aСемевский, В.И. | |
| 245 | 1 | 0 |
_aПолитические и общественные идеи декабристов / _cВ.И. Семевскаго. |
| 260 |
_aСанкт-Петербург _fТип. Первой Спб. Труд. Артели _c1909. |
||
| 300 | _a698 с. | ||
| 653 | 0 | _aДекабристы - Документально-биографические очерки | |
| 090 | _c321437 | ||
| 999 |
_c319702 _d319702 |
||